000 01149nam a2200253 a 4500
001 40346
003 BD-RjUL
005 20211209053209.0
008 160428s1978 bg ||||| |||| 00| 0 ben d
020 _c: TK 38.00
035 _a(BD-RjUL)40461
040 _aBD-RjUL
_bben
_cBD-RjUL
041 _aben
082 _223
_a891.4408
_bRAG 1978
100 _aরহমান, গোলাম
_9124296
245 1 0 _aগোলাম রহমান রচনাবলী /
_cগোলাম রহমান ; সম্পাদনা আতোয়ার রহমান
260 _aঢাকা :
_bবাংলা একাডেমী,
_c১৯৭৮
300 _a খণ্ড ;
_c২১ সেমি.
505 0 _aখণ্ড ২, প্রথম ভাগ -- খণ্ড ১, প্রথম ভাগ -- খণ্ড ১ দ্বীতিয় ভাগ -- খণ্ড ২ দ্বীতিয় ভাগ ---
650 _aBengali Literature
_9124297
650 _aবাংলা সাহিত্য
_9124298
700 _aরহমান, আতোয়ার, সম্পাদনা
_9124299
942 _2ddc
_cBK
999 _c40346
_d40346